Neuere Entwicklungstendenzen der industriellen Kostenrechnung in der Bundesrepublik Deutschland.

Rozbor automatizovaných foriem účtovníctva v SRN, pričom sa predpokladá spojenie účtovníctva do integrovaného systému prípravy, zberu a vyhodnotenia údajov. Analýza základnej schémy integrovaného účtovníctva. Formy účelovo orientovaného účtovníctva: kvalitatívne, procesné a logistické.

Salvato in:
Dettagli Bibliografici
Autore principale: Buchholz, L.
Natura: Capitolo di libro
Lingua:tedesco
Soggetti:
Tags: Aggiungi Tag
Nessun Tag, puoi essere il primo ad aggiungerne!!

MARC

LEADER 00000naa a2200000 4500
001 r003740
005 20221130103933.2
041 0 |a ger 
044 |a DE 
245 1 0 |a Neuere Entwicklungstendenzen der industriellen Kostenrechnung in der Bundesrepublik Deutschland.  |c L. Buchholz 
520 |a Rozbor automatizovaných foriem účtovníctva v SRN, pričom sa predpokladá spojenie účtovníctva do integrovaného systému prípravy, zberu a vyhodnotenia údajov. Analýza základnej schémy integrovaného účtovníctva. Formy účelovo orientovaného účtovníctva: kvalitatívne, procesné a logistické. 
610 2 0 |a účtovníctvo 
610 2 0 |a Nemecko 
610 2 0 |a automatizácia 
610 2 0 |a automatizácia administratívy 
610 2 0 |a priemysel 
100 1 |a Buchholz, L.